Catalog

Record Details

Catalog Search



Saiyūki.  Cover Image Book Book

Saiyūki. / Kazuya Minekura ; [translator, Alethea Nibley & Athena Nibley ; editor, Jake Forbes].

Minekura, Kazuya. (Author). Forbes, Jake. (Added Author).

Summary:

It was a time of chaos, when Heaven and Earth were as one, and humans and demons - the youkai - lived together in peace. But now a great evil threatens this harmony. Continuing their journey west and leaving a trail of dead youkai in their wakes, Genjyo Sanzo and company come upon a young woman who recounts the story of her long lost lover, a youkai, who succumbed to the madness. In spite of it all, she waits for his return.

Record details

  • ISBN: 1591826527
  • ISBN: 9781591826521
  • Physical Description: 189 pages : chiefly illustrations ; 19 cm
  • Publisher: Los Angeles, CA : Tokyopop, 2004.

Content descriptions

General Note:
"This book is printed "manga style" in the authentic Japanese right-to-left format"--Colophon.
Target Audience Note:
Older than age 16+.
Subject: Comic books, strips, etc.
Heroes and heroines > Comic books, strips, etc. > Fiction.
Demonology > Comic books, strips, etc. > Fiction.
Magic > Comic books, strips, etc. > Fiction.
Good and evil > Comic books, strips > Fiction.
Genre: Young Adult
Graphic novels.
Romance fiction.

Available copies

  • 1 of 1 copy available at scottsboropl.

Holds

  • 0 current holds with 1 total copy.
Show Only Available Copies
Location Call Number / Copy Notes Barcode Shelving Location Status Due Date
scottsboropl YA GN Min 32269001091373 Young Adult - Graphic Novel Available -

LDR 02797cam a2200613Ia 4500
001160225
003SBPL
00520230315160359.0
008040524s2004 caua 000 1 eng d
020 . ‡a1591826527 ‡q(pbk.)
020 . ‡a9781591826521 ‡q(pbk.)
035 . ‡a(OCoLC)55477380
035 . ‡a(OCoLC)55477380 ‡z(OCoLC)948817398
05014. ‡aPN6790.J34 ‡bS2713 2005
08204. ‡a741.5/952 ‡222
1001 . ‡aMinekura, Kazuya.
24510. ‡aSaiyūki. / ‡cKazuya Minekura ; [translator, Alethea Nibley & Athena Nibley ; editor, Jake Forbes].
260 . ‡aLos Angeles, CA : ‡bTokyopop, ‡c2004.
300 . ‡a189 pages : ‡bchiefly illustrations ; ‡c19 cm
336 . ‡atext ‡btxt ‡2rdacontent
337 . ‡aunmediated ‡bn ‡2rdamedia
338 . ‡avolume ‡bnc ‡2rdacarrier
4901 . ‡aSaiyuki ; ‡vBK 2
500 . ‡a"This book is printed "manga style" in the authentic Japanese right-to-left format"--Colophon.
521 . ‡aOlder than age 16+.
520 . ‡aIt was a time of chaos, when Heaven and Earth were as one, and humans and demons - the youkai - lived together in peace. But now a great evil threatens this harmony. Continuing their journey west and leaving a trail of dead youkai in their wakes, Genjyo Sanzo and company come upon a young woman who recounts the story of her long lost lover, a youkai, who succumbed to the madness. In spite of it all, she waits for his return.
650 0. ‡aComic books, strips, etc.
650 7. ‡aHeroes and heroines ‡vComic books, strips, etc. ‡vFiction. ‡2sears
650 7. ‡aDemonology ‡vComic books, strips, etc. ‡vFiction. ‡2sears
650 7. ‡aMagic ‡vComic books, strips, etc. ‡vFiction. ‡2sears
650 7. ‡aGood and evil ‡vComic books, strips ‡vFiction. ‡2sears etc
6550 . ‡aYoung Adult
655 7. ‡aGraphic novels. ‡2lcgft
655 7. ‡aRomance fiction. ‡2lcgft
7001 . ‡aForbes, Jake.
830 0. ‡aSaiyuki ; ‡vBk 2.
901 . ‡a160225 ‡bAUTOGEN ‡c160225 ‡tbiblio

Additional Resources